General Knowledge #02 - Statistics

General Stats
  • This quiz has been taken 92 times
    49 since last reset
  • The average score is 10 of 15
Answer Stats
Hint Answer % Correct
Which element has the chemical symbol H and atomic number 1? Hydrogen
96%
Which character is mascot of The Walt Disney Company? Mickey Mouse
96%
Who won Best Actor Oscars for Philadelphia and Forest Gump? Tom Hanks
89%
In what sport would competitors use a shuttlecock? Badminton
84%
Which Japanese poetry form traditionally consists of 17 syllables? Haiku
78%
Mick Jagger has been the lead singer of which band since 1962? The Rolling Stones
78%
Which British monarch had their coronation in 1838? Queen Victoria
76%
Who was the first President of the United States of America to resign? Richard Nixon
76%
Emperor, Chinstrap & Macaroni are all species of what type of bird? Penguin
73%
Which mansion in Tennessee was bought by Elvis Presley in 1957? Graceland
71%
Which Russian, in 1961, was the first man to travel into outer space? Yuri Gagarin
58%
Which is the smallest of Australia’s six states? Tasmania
53%
Who wrote the novel 20,000 Leagues Under The Sea? Jules Verne
44%
What is the world’s longest-running TV soap opera? Coronation Street
38%
What corkscrew-shaped variety of pasta is known as rotini in the US? Fusilli
33%
No matching quizzes found
Score Distribution
Percent of People with Each Score
Percentile by Number Answered
Your Score History
You have not taken this quiz since the last reset